| 000 | 00440pab a2200169 454500 | ||
|---|---|---|---|
| 008 | 180718b2007 xxu||||| |||| 00| 0 eng d | ||
| 100 | _aBezbaruah, M.P. | ||
| 245 | _aLand tenure system in North East India: a constraint for bank financing? | ||
| 260 | _c2007 | ||
| 300 | _ap.138-45. | ||
| 362 | _aJan-Mar | ||
| 650 | _aLand tenure - India, North East | ||
| 650 | _aLand tenure | ||
| 773 | _aDialogue | ||
| 908 | _aN | ||
| 909 | _a73872 | ||
| 999 |
_c73872 _d73872 |
||